000 00301nam a22001337a 4500
008 171009b xxu||||| |||| 00| 0 eng d
020 _a9780470118603
041 _aeng
080 _a159.9
100 _a49
101 _aPSI
245 _aADULT DEVELOPMENT & AGING
_cWHITBOURNE,S.K
942 _2udc
_cBK
999 _c32629
_d32629